000 00461nam a2200169 a 4500
001 0000-9143
003 ELIB.Books
008 110520 1978
035 _a(ELIB.Books)0000-9295
082 _a230
_bLad
100 _aLadd, George Eldon
245 _aUnity and Diversity in New Testament Theology
260 _bGrand Rapids: Wm. B. Eerdmans Publishing Co.
_c1978
650 _aTheology
942 _2ddc
_cBK
998 _cbat
_e2011-05-20
999 _c9143
_d9143